Sepuluh tahun api membara

Bibliographic Details
Main Author: Othman Puteh
Format: Book
Published: Kuala Lumpur : 'K' Publishing & Distributors Sdn.Bhd. , 1986
Series:Siri Buku Temanku
Subjects:

MARC

LEADER 00000cam a2200000 7i4500
001 0000007365
002 000007921
005 20000330.0
020 |a 9679906450 
090 0 0 |a JF   |b OTH 
100 0 |a Othman Puteh 
245 1 0 |a Sepuluh tahun api membara   |c Othman Puteh 
260 |a Kuala Lumpur :   |b 'K' Publishing & Distributors Sdn.Bhd. ,   |c 1986 
300 |a 62p. :   |b ill. ;   |c 21cm. 
490 0 |a Siri Buku Temanku 
650 0 0 |a Children's stories, Malay 
999 |a 0011332   |b BUKU   |c PINJAMAN   |e PERPUSTAKAAN KOMUNITI PETALING JAYA 
999 |a 0022331   |b BUKU   |c PINJAMAN   |e PERPUSTAKAAN KOMUNITI PETALING JAYA